01179nam a2200385Ia 4500001000700000008004100007020002300048035001600071041000800087084001300095100002700108245010100135260003100236300002200267650002000289650001800309650001800327650002100345650003400366650003100400650002900431650003400460650001700494650001600511650002000527700003500547901000600582903000700588904000800595953003700603999001700640910000900657942001500666952011200681061196221003s2021 xx 000 0 spa d a978-84-234--3242-4 aCENDO_50621 aspa aCD-16994 aPIKETTY, Thomas925364 0a¡Viva el socialismo! :bcrónicas 2016-2020 /cThomas Piketty ; traducción de Daniel Fuentes aBarcelona :bDeusto,c2021 a283 p. ;c 24 cm aSOCIALISMO9533 aPOLITICA9547 aECONOMIA9100 aCAPITALISMO9532 0aIGUALDAD DE REMUNERACION9402 aIGUALDAD DE DERECHOS91832 0aIGUALDAD DE GENERO95513 aGLOBALIZACION ECONOMICA95433 aFRANCIA9196 0aEUROPA9139 aDEMOCRACIA9387 aFUENTES, Daniel,etrad.932360 a1 aNO a000 d2021-04-13yMONOGRAFIAoCD-16994 c50620d50620 a2021 cMONOGRAFIA 00104070aCENDObCENDOd2021-04-13l0oCD-16994pCENDO_50621r2022-10-05 00:00:00w2022-10-05yMONOGRAFIA